HINGGA KE AKHIRNYA / (Record no. 112793)

MARC details
000 -LEADER
fixed length control field 00764nam a2200253 i 4500
001 - CONTROL NUMBER
control field C2-0310346
003 - CONTROL NUMBER IDENTIFIER
control field PPAK
005 - DATE AND TIME OF LATEST TRANSACTION
control field 20250324113831.0
008 - FIXED-LENGTH DATA ELEMENTS--GENERAL INFORMATION
fixed length control field 110615s2011 my e | 0 f may d
020 ## - INTERNATIONAL STANDARD BOOK NUMBER
International Standard Book Number 9789670184081
Qualifying information paperback
040 ## - CATALOGING SOURCE
Original cataloging agency PPAK
Language of cataloging eng
Transcribing agency PPAK
Description conventions rda
082 04 - DEWEY DECIMAL CLASSIFICATION NUMBER
Edition number 23
Classification number 899.2333
090 00 - LOCALLY ASSIGNED LC-TYPE CALL NUMBER (OCLC); LOCAL CALL NUMBER (RLIN)
Classification number (OCLC) (R) ; Classification number, CALL (RLIN) (NR) 899.2333
Feature heading SIT
Feature heading G
100 0# - MAIN ENTRY--PERSONAL NAME
Personal name Siti Nur Dhuha,
Relator term author.
245 10 - TITLE STATEMENT
Title HINGGA KE AKHIRNYA /
Statement of responsibility, etc. SITI NUR DHUHA ; Editor: Norsuraya Desa
264 #1 - PRODUCTION, PUBLICATION, DISTRIBUTION, MANUFACTURE, AND COPYRIGHT NOTICE
Place of production, publication, distribution, manufacture Shah Alam, Selangor :
Name of producer, publisher, distributor, manufacturer Grup Buku Karangkraf,
Date of production, publication, distribution, manufacture, or copyright notice 2011
300 ## - PHYSICAL DESCRIPTION
Extent 716 pages ;
Dimensions 18 cm
336 ## - CONTENT TYPE
Source rdacontent
Content type term text
337 ## - MEDIA TYPE
Source rdamedia
Media type term unmediated
338 ## - CARRIER TYPE
Source rdacarrier
Carrier type term volume
650 10 - SUBJECT ADDED ENTRY--TOPICAL TERM
Topical term or geographic name entry element Malay fiction.
700 0# - ADDED ENTRY--PERSONAL NAME
Personal name Norsuraya Desa,
Relator term editor.
942 ## - ADDED ENTRY ELEMENTS (KOHA)
Koha item type Book
Source of classification or shelving scheme Dewey Decimal Classification
Holdings
Withdrawn Not for loan Current library Shelving location Date acquired Total Checkouts Full call number Barcode Date last seen Date last checked out Koha item type Total Renewals
    Perpustakaan Alor Setar Pinjaman Dewasa 07/04/2025   899.2333 SIT A00748683 07/04/2025   Book  
    Perpustakaan Baling Pinjaman Dewasa 22/06/2011   899.233 SIT A01357493 09/05/2018   Book  
    Perpustakaan Bandar Baharu Pinjaman Dewasa 22/06/2011   899.233 SIT A01357496 09/05/2018   Book  
    Perpustakaan Jitra Pinjaman Dewasa 22/06/2011 1 899.233 SIT A01357490 11/10/2020 30/09/2020 Book  
    Perpustakaan Kulim Pinjaman Dewasa 22/06/2011   899.233 SIT A01357492 09/05/2018   Book  
    Perpustakaan Merbok Pinjaman Dewasa 22/06/2011 1 899.233 SIT A01357499 24/08/2019 27/07/2019 Book 1
    Perpustakaan Pendang Pinjaman Dewasa 22/06/2011   899.233 SIT A01357500 09/05/2018   Book  
    Perpustakaan Sik Pinjaman Dewasa 22/06/2011   899.233 SIT A01357495 09/05/2018   Book  
    Perpustakaan Yan Pinjaman Dewasa 22/06/2011   899.233 SIT A01357494 09/05/2018   Book  
    PD27, Kg. Bendang Bukit, Pendang Pinjaman Dewasa 22/06/2011   899.233 SIT A01357498 09/05/2018   Book